|
|
|
|
| LEADER |
00000nam0a2200000 4500 |
| 001 |
272285 |
| 005 |
20231101234523.0 |
| 035 |
|
|
|a (RuTPU)RU\TPU\book\295491
|
| 090 |
|
|
|a 272285
|
| 100 |
|
|
|a 20141016d1934 k y0rusy50 ca
|
| 101 |
0 |
|
|a rus
|a fre
|
| 102 |
|
|
|a RU
|
| 105 |
|
|
|a y z 001zb
|
| 200 |
1 |
|
|a Менделеев как метролог
|f А. А. Иванов
|g Всесоюзный научно-исследовательский институт метрологии и стандартизации
|d Dans ses Trvaux Metrologiques
|
| 210 |
|
|
|a Москва
|a Ленинград
|c Госстандарт
|d 1934
|
| 215 |
|
|
|a 80 с.
|
| 510 |
1 |
|
|a Dans ses Trvaux Metrologiques
|z fre
|
| 600 |
|
1 |
|a Менделеев
|g Дмитрий Иванович
|b Д. И.
|c учёный-энциклопедист, химик, педагог
|f 1834-1907
|c член-корреспондент Петербургской АН
|2 stltpush
|3 (RuTPU)RU\TPU\pers\1367
|
| 606 |
1 |
|
|a Метрология
|2 stltpush
|3 (RuTPU)RU\TPU\subj\43497
|9 62988
|
| 610 |
1 |
|
|a метрологическая служба
|
| 610 |
1 |
|
|a метрологическая система
|
| 610 |
1 |
|
|a метрологическая деятельность
|
| 610 |
1 |
|
|a измерения
|
| 610 |
1 |
|
|a история
|
| 610 |
1 |
|
|a Россия
|
| 610 |
1 |
|
|a 18 век
|
| 675 |
|
|
|a 006
|v 3
|
| 700 |
|
1 |
|a Иванов
|b А. А.
|
| 712 |
0 |
2 |
|a Всесоюзный научно-исследовательский институт метрологии и стандартизации
|2 stltpush
|3 (RuTPU)RU\TPU\col\11583
|9 25204
|
| 801 |
|
1 |
|a RU
|b 63413507
|c 20141016
|
| 801 |
|
2 |
|a RU
|b 63413507
|c 20180111
|g RCR
|
| 942 |
|
|
|c BK
|